| 000 | 01484nam a2200289 i 4500 | ||
|---|---|---|---|
| 001 | 42525 | ||
| 003 | ES-MaACL | ||
| 005 | 20251215163036.0 | ||
| 007 | t| | ||
| 008 | 030404s1849 sp ||||1| spa d | ||
| 100 | 1 |
_aCostanzo, Salvador. _941130 |
|
| 245 | 1 | 3 |
_aLa galantería, la belleza, las gracias y hasta la política, consideradas en sus relaciones con el amor / _copúsculo escrito por Don Salvador Constanzo, seguido de una prosa poética del mismo autor titulada Abrazos y besos. |
| 246 | 3 | _aAbrazos y besos | |
| 260 |
_aMadrid : _b[s.n.], _c1849 ( _fImp. de Francisco García Arias) |
||
| 300 |
_a124 p. ; _c15 cm. |
||
| 505 | 8 | _aContiene además con portada propia: Venus pronuba / epitalamio del caballero Juan Bautista Marino ; traducido del italiano al español por Joaquín José Cervino . El amor fugitivo / de Torcuato Tasso ; silva traducida por Gaspar Serrano | |
| 530 | _aDisponible en formato digital. | ||
| 700 | 1 |
_aMarino, Giambattista, _d1569-1625 _9129502 |
|
| 700 | 1 |
_aCervino y Ferrero, Joaquín José, _d1817-1883 _9173899 |
|
| 700 | 1 |
_aTasso, Torquato ( _d1544-1595) _9109373 |
|
| 700 | 1 |
_aSerrano, Gaspar. _9105695 |
|
| 740 | 0 | 2 | _aVenus pronuba. |
| 740 | 3 | 2 | _aEl amor fugitivo. |
| 852 | 4 |
_aES-MaACL _jT-3-F-1 _z- Donativo del autor _z- Enc. en un vol. facticio, falto de cub. original |
|
| 856 | 4 |
_uhttps://bibliotecadigital.carm.es/registro/00000722 _zBiblioteca Digital de la Región de Murcia |
|
| 999 |
_c42525 _d42525 |
||